[Event "ch-FRA Top 16 GpA"]
[Site "Noyon FRA"]
[Date "2005.04.03"]
[Round "7"]
[White "Marzolo,C"]
[Black "Sakaev,K"]
[Result "1/2-1/2"]
[WhiteElo "2428"]
[BlackElo "2677"]

1.d4 Nf6 2.c4 e6 3.Nc3 Bb4 4.Qc2 O-O 5.e4 d6 6.a3 Bxc3+ 7.bxc3 e5 8.Bd3 Nc6
9.Ne2 Qe7 10.O-O Re8 11.f3 b6 12.Bg5 h6 13.Be3 Na5 14.Ng3 Be6 15.Qe2 c5 16.d5 Bd7
17.a4 g5 18.Nh1 Kg7 19.g4 Rh8 20.Ng3 Rag8 21.Kg2 Kf8 22.Rh1 Ke8 23.Nf5 Bxf5
24.exf5 Kd8 25.Bf2 h5 26.h3 Rg7 27.Rh2 Re8 28.Re1 Qd7 29.Bc2 Kc7 30.Rhh1 Rgg8
31.Bg3 Qe7 32.Qd3 Qf8 33.Re3 Qh6 34.Rhe1 Rh8 35.Kf2 hxg4 36.hxg4 Qh3 37.Qe2 Kd8
38.Bd3 Kc7 39.Bc2 Rh7 40.Bd3 Qh6 41.Rg1 Kb7 42.Qd1 Reh8 43.Ree1 Kc7 44.Qe2 Qg7
45.Kg2 Rh3 46.Rh1 Qh6 47.Rxh3 Qxh3+ 48.Kf2 Re8 49.Qd1 Qh8 50.Kg2 Qg7 51.Qe2 Nd7
52.Be4 Rh8 53.Rh1 Rxh1 54.Kxh1 Nf6 55.Bd3 Qh8+ 56.Kg2 a6 57.Bf2 Ne8 58.Be3 f6
59.Bf2 Kb7  1/2-1/2

[Event "Politiken Cup"]
[Site "Copenhagen DEN"]
[Date "2005.07.16"]
[Round "1"]
[White "Sakaev,K"]
[Black "Nilsson,L"]
[Result "1-0"]
[WhiteElo "2669"]
[BlackElo "2031"]

1.d4 Nf6 2.Nf3 e6 3.c4 Nc6 4.a3 d6 5.Nc3 Be7 6.e4 a5 7.Bd3 e5 8.d5 Nb8 9.h3 O-O
10.Be3 c5 11.g4 Nbd7 12.Qe2 Re8 13.O-O-O Nf8 14.Kb1 Ng6 15.Qd2 Kh8 16.Rdg1 Bd7
17.Rg2 Qc8 18.a4 Ra6 19.Bc2 Rg8 20.Rg3 Rf8 21.Rgg1 Rg8 22.Ne1 Qd8 23.f3 Nh4
24.Bf2 g5 25.Bxh4 gxh4 26.f4 Ne8 27.Nf3 Bf6 28.g5 Be7 29.fxe5 dxe5 30.Nxe5 Nd6
31.Nxd7 Qxd7 32.e5 Ne8 33.Qf4 Bd8 34.Qxh4 Ng7  1-0

[Event "Politiken Cup"]
[Site "Copenhagen DEN"]
[Date "2005.07.17"]
[Round "2"]
[White "Ochtman,H"]
[Black "Sakaev,K"]
[Result "0-1"]
[WhiteElo "2166"]
[BlackElo "2669"]

1.f4 d5 2.Nf3 Nf6 3.e3 g6 4.Be2 Bg7 5.O-O O-O 6.d4 c5 7.Ne5 Qc7 8.Nd2 Nbd7
9.c3 Nb6 10.h4 h5 11.g4 hxg4 12.Nxg4 Bf5 13.Rf2 Nxg4 14.Bxg4 Qc8 15.Rg2 Bxg4
16.Qxg4 Qxg4 17.Rxg4 Nd7 18.Rg5 cxd4 19.cxd4 Nf6 20.Nb1 e6 21.Nc3 Rfc8 22.Bd2 Rc6
23.a4 Rac8 24.Rg2 a6 25.a5 Bf8 26.Na4 Rc2 27.Bc3 Rxg2+ 28.Kxg2 Ne4 29.Rh1 Be7
30.h5 g5 31.f5 Rc7 32.fxe6 fxe6 33.h6 Kh7 34.Rf1 Kxh6 35.Rh1+ Kg7 36.Nc5 Bxc5
37.dxc5+ Nxc3 38.bxc3 Rxc5 39.Rb1 Rb5 40.Ra1 Kf6 41.Kf3 Kf5 42.Ke2 Rb2+ 43.Kd3 g4
44.Rf1+ Kg5 45.Kd4 g3 46.Ke5 Rf2 47.Rg1 Rf3 48.Kxe6 Rxe3+ 49.Kxd5 Rxc3 50.Rb1 g2  0-1

[Event "Politiken Cup"]
[Site "Copenhagen DEN"]
[Date "2005.07.20"]
[Round "6"]
[White "Sorensen,To"]
[Black "Sakaev,K"]
[Result "0-1"]
[WhiteElo "2355"]
[BlackElo "2669"]

1.d4 Nf6 2.Nf3 e6 3.g3 b5 4.Bg2 Bb7 5.O-O Be7 6.c3 O-O 7.Bg5 d5 8.a4 b4 9.Bxf6 gxf6
10.Nbd2 bxc3 11.bxc3 c5 12.c4 dxc4 13.Nxc4 Nc6 14.dxc5 Bxc5 15.Qxd8 Raxd8
16.Rfc1 Be7 17.e3 Rd7 18.h3 Rfd8 19.Rab1 Ba8 20.Ncd2 Kg7 21.Nb3 Ba3 22.Rc4 Rb8
23.Nfd2 Ne5 24.Rd4 Rc7 25.Bxa8 Rxa8 26.f4 Nd7 27.Rc4 Rac8 28.Rxc7 Rxc7 29.Nd4 Bc1
30.Nf1 a6 31.Kf2 Nc5 32.Rb6 Rb7 33.Rxb7 Nxb7 34.Nb3 Ba3 35.e4 Kf8 36.Ke3 Bc5+
37.Kd3 Bf2 38.g4 Ke7 39.Nfd2 Bg3 40.f5 Kd7 41.Nf3 Bf4 42.Kc4 Kd6 43.Kd4 h6
44.Ne1 Be5+ 45.Kc4 Kc6 46.Nf3 Bg3 47.Nbd4+ Kd6 48.Nb3 Bf2 49.Nc1 Nc5 50.fxe6 fxe6
51.e5+ fxe5 52.Nd3 Nxd3 53.Kxd3 Kd5 54.Nd2 Bh4 55.Ne4 Be7 56.Nd2 Bd8 57.Ne4 Be7
58.Nd2 Bh4 59.Ne4 Bg5 60.Nc3+ Kc5 61.Ne4+ Kb4 62.Nxg5 hxg5 63.Ke3 Kxa4 64.Kf2 Kb4
65.h4 gxh4 66.g5 e4 67.g6 h3 68.g7 e3+ 69.Kxe3 h2 70.g8=Q h1=Q 71.Qb8+ Kc5
72.Qc8+ Qc6 73.Qf8+ Kb5 74.Kd2 Qd5+ 75.Ke2 a5 76.Qb8+ Kc4 77.Qc8+ Kb4 78.Qf8+ Qc5
79.Qf7 Qe5+ 80.Kd2 Qd5+ 81.Ke2 a4 82.Qf8+ Qc5 83.Qf7 a3  0-1

[Event "Politiken Cup"]
[Site "Copenhagen DEN"]
[Date "2005.07.21"]
[Round "7"]
[White "Sakaev,K"]
[Black "Schandorff,L"]
[Result "1-0"]
[WhiteElo "2669"]
[BlackElo "2519"]

1.d4 Nf6 2.c4 e6 3.Nf3 d5 4.Nc3 dxc4 5.e4 Bb4 6.Bg5 c5 7.e5 cxd4 8.Nxd4 Bxc3+
9.bxc3 Qa5 10.exf6 Qxg5 11.fxg7 Qxg7 12.Qd2 O-O 13.Bxc4 Rd8 14.Qe3 Bd7 15.O-O Nc6
16.Nf3 Ne7 17.Ne5 Bc6 18.g3 Nd5 19.Bxd5 Rxd5 20.Rfe1 Rad8 21.Qf4 a5 22.h4 h5
23.Rab1 Rd2 24.a3 R2d5 25.Kh2 Rd2 26.Rb6 Rc2 27.Nxc6 bxc6 28.Rxc6 Rd5 29.Rexe6 fxe6
30.Rc8+ Kh7 31.Qe4+  1-0

[Event "TCh-FRA Top 16 Gp A"]
[Site "Paris FRA"]
[Date "2006.02.03"]
[Round "1"]
[White "Sakaev,K"]
[Black "Legky,N"]
[Result "1/2-1/2"]
[WhiteElo "2649"]
[BlackElo "2453"]

1.d4 d5 2.Nf3 Nf6 3.c4 dxc4 4.Nc3 a6 5.e4 b5 6.e5 Nd5 7.a4 e6 8.axb5 Nb6
9.Be3 Bb7 10.bxa6 Rxa6 11.Rxa6 Nxa6 12.Nd2 Nb4 13.Nxc4 Nxc4 14.Bxc4 Bxg2
15.Rg1 Bc6 16.Qb3 g6 17.Ke2 Be7 18.Rd1 O-O 19.d5  1/2-1/2

[Event "TCh-FRA Top 16 Gp A"]
[Site "Montpellier FRA"]
[Date "2006.04.02"]
[Round "7"]
[White "Domont,A"]
[Black "Sakaev,K"]
[Result "0-1"]
[WhiteElo "2410"]
[BlackElo "2649"]

1.e4 c5 2.Nf3 e6 3.d3 Nc6 4.g3 d5 5.Nbd2 g6 6.Bg2 Bg7 7.O-O d4 8.Kh1 e5 9.Ng1 Nh6
10.Ndf3 f6 11.Nh4 Nf7 12.f4 Nd6 13.Bd2 Qe7 14.c4 exf4 15.Bxf4 Nf7 16.Bh3 Bxh3
17.Nxh3 Qd7 18.Kg2 O-O 19.Bd2 Nfe5 20.Nf2 Rab8 21.Qa4 a6 22.Qa3 Qd6 23.Rab1 b5
24.cxb5 axb5 25.Rfc1 b4 26.Qb3+ Rf7 27.Qd5 Bf8 28.Qxd6 Bxd6 29.b3 Ra8 30.Rc2 Na7
31.Nf3 Nxf3 32.Kxf3 Nb5 33.Ra1 Kg7 34.Be1 Nc3 35.a4 bxa3 36.Bxc3 dxc3 37.Ke2 Rb7
38.Nd1 Rxb3 39.Nxc3 Be5 40.Kd2 a2  0-1

[Event "XIII TCh-RUS"]
[Site "Sochi RUS"]
[Date "2006.04.26"]
[Round "7"]
[White "Gabrielian,A"]
[Black "Sakaev,K"]
[Result "1/2-1/2"]
[WhiteElo "2520"]
[BlackElo "2637"]

1.g3 d5 2.d3 c5 3.Bg2 Nc6 4.Nd2 e5 5.e4 d4 6.Ngf3 Be6 7.O-O g5 8.Nc4 f6 9.c3 h5
10.cxd4 cxd4 11.a4 Nge7 12.Qb3 Rg8 13.Bd2 Rb8 14.h4 g4 15.Ne1 Nc8 16.Nc2 Nd6
17.N2a3 Be7 18.Nxd6+ Qxd6 19.Nc4 Qd7 20.Kh2 b6 21.Rac1 a6 22.Qd1 b5 23.axb5 Rxb5
24.Qa4 Nb4 25.Bxb4 Rxb4 26.Qxa6 Kf7 27.Rc2 Ra4 28.Qb6 Rb4 29.Qa5 Rgb8 30.Rfc1 R8b7
31.Nxe5+ fxe5 32.Qxe5 R4b5 33.Qh8 Bf6 34.Qh7+ Kf8 35.Rc8+ Qxc8 36.Rxc8+ Bxc8
37.Qh6+ Bg7 38.Qd6+ Kf7 39.e5 Be6 40.Bxb7 Rxb7 41.Qxd4 Rb5 42.Qa7+ Kg8 43.d4 Rxb2
44.Qe7 Bf7 45.Kg2 Re2 46.Kf1 Re4 47.Qd8+ Kh7 48.Qd7 Bg6 49.Qd5 Bf5 50.Qf7 Bg6
51.Qd5 Bf5  1/2-1/2

[Event "8th ch-Euro T/B"]
[Site "Dresden GER"]
[Date "2007.04.15"]
[Round "1.2"]
[White "Sakaev,K"]
[Black "Sutovsky,E"]
[Result "1/2-1/2"]
[WhiteElo "2633"]
[BlackElo "2637"]

1.d4 Nf6 2.c4 g6 3.Nc3 d5 4.Qb3 dxc4 5.Qxc4 Bg7 6.e4 a6 7.Nf3 b5 8.Qb3 Bb7
9.e5 Ne4 10.a4 O-O 11.axb5 axb5 12.Rxa8 Bxa8 13.Bxb5 c5 14.Nxe4 Bxe4 15.dxc5 Qa5+
16.Nd2 Bxg2 17.Rg1 Bc6 18.Bxc6 Nxc6 19.Qa3 Qb5 20.Nf3 Nb4  1/2-1/2

[Event "8th ch-Euro T/B"]
[Site "Dresden GER"]
[Date "2007.04.15"]
[Round "1.1"]
[White "Sutovsky,E"]
[Black "Sakaev,K"]
[Result "1-0"]
[WhiteElo "2637"]
[BlackElo "2633"]

1.e4 e5 2.Nf3 Nf6 3.d4 Nxe4 4.Bd3 d5 5.Nxe5 Nd7 6.Nc3 Nxc3 7.bxc3 Nxe5 8.dxe5 Be7
9.Qh5 Be6 10.Rb1 Qd7 11.Bg5 O-O-O 12.Bb5 c6 13.Ba6 Bg4 14.Qxf7 Bxg5 15.Rxb7 Qxf7
16.Rxf7+ Kb8 17.O-O Bc8 18.Rb1+ Ka8 19.Bxc8 Rxc8 20.Rbb7 Rce8 21.Rxa7+ Kb8
22.Rfb7+ Kc8 23.Rxg7 Kb8 24.g3 Bd2 25.Rgb7+ Kc8 26.Rc7+ Kb8 27.Rcb7+ Kc8
28.Rf7 Kb8 29.Rab7+ Ka8 30.Ra7+ Kb8 31.Rab7+ Ka8 32.Rbc7 Bxc3 33.f4 Bd4+
34.Kg2 Rc8 35.Rxh7 Rxh7 36.Rxc8+ Kb7 37.Rg8 Kb6 38.h4 Ra7 39.e6 Kc5 40.Rd8 Bf6
41.Rd7 Rxa2 42.Rf7 Rxc2+ 43.Kf3 Bd4 44.f5 Rf2+ 45.Kg4 Re2 46.h5 Kd6 47.h6 c5
48.h7 Rh2 49.Kg5 c4 50.e7 Kd7 51.f6 c3 52.Rf8 Bxf6+ 53.Kxf6 Rh6+ 54.Ke5 Re6+
55.Kd4  1-0

[Event "1st Serbian League Men"]
[Site "Zlatibor SRB"]
[Date "2007.08.23"]
[Round "3"]
[White "Sakaev,K"]
[Black "Ivanovic,B"]
[Result "1-0"]
[WhiteElo "2634"]
[BlackElo "2426"]

1.d4 Nf6 2.c4 e6 3.Nf3 d5 4.Nc3 Bb4 5.cxd5 exd5 6.Bg5 O-O 7.Rc1 Qd6 8.Nd2 c6
9.e3 Re8 10.Be2 Ne4 11.Ndxe4 dxe4 12.O-O Nd7 13.Bf4 Qg6 14.a3 Bxc3 15.bxc3 Nf6
16.c4 h5 17.Kh1 Be6 18.h3 Qf5 19.Be5 Nd7 20.Bh2 Nf6 21.a4 Rad8 22.Qb3 Bc8
23.Qa3 h4 24.a5 Rd7 25.Rb1 Rdd8 26.Rb2 Rd7 27.Qa4 a6 28.Qa3 Rdd8 29.Qb4 Rd7
30.Bd6 Rdd8 31.Qc5 Qd7 32.Bf4 Qe6 33.Bg5 Nd7 34.Qa3 f6 35.Bxh4 Qf7 36.Bg3 Nf8
37.Rd1 Be6 38.Qb4 Re7 39.Rbd2 Red7 40.Qc5 g6 41.Rb1 g5 42.Rdb2 f5 43.Kg1 Nh7
44.f4 exf3 45.Bxf3 Bxc4 46.Rxb7 Rxb7 47.Rxb7 Qxb7 48.Qxc4+ Qf7 49.Qxc6 Nf6
50.Be5 Rf8 51.Qxa6 g4 52.Be2 Kh7 53.Bd3 Qg6 54.Qe6 Ne4 55.Qxg6+ Kxg6 56.hxg4 Kg5
57.gxf5 Nc3 58.Kf2  1-0

[Event "1st Serbian League Men"]
[Site "Zlatibor SRB"]
[Date "2007.09.01"]
[Round "11"]
[White "Sakaev,K"]
[Black "Kosic,D"]
[Result "1-0"]
[WhiteElo "2634"]
[BlackElo "2501"]

1.d4 e6 2.Nf3 Nf6 3.c4 Bb4+ 4.Nbd2 O-O 5.a3 Bxd2+ 6.Qxd2 d6 7.b4 Qe7 8.Bb2 a5
9.b5 Nbd7 10.e3 e5 11.Qc2 exd4 12.Nxd4 Nc5 13.Be2 Nfe4 14.O-O f5 15.Rae1 Bd7
16.f3 Ng5 17.Bd1 Qf7 18.Qc3 Qf6 19.Bc2 h6 20.h4 Nf7 21.Nxf5 Ne5 22.f4 Ned3
23.Bxd3 Qxc3 24.Ne7+ Kf7 25.Bg6+ Kxe7 26.Bxc3 Rg8 27.f5 Ne4 28.Bb2 Be8 29.Rf4 Nf6
30.e4 Bxg6 31.fxg6 Rae8 32.e5 dxe5 33.Bxe5 Kd7 34.Rd1+  1-0

[Event "60th ch-RUS Higher League"]
[Site "Krasnoyarsk RUS"]
[Date "2007.09.12"]
[Round "9"]
[White "Vitiugov,N"]
[Black "Sakaev,K"]
[Result "1/2-1/2"]
[WhiteElo "2608"]
[BlackElo "2634"]

1.d4 d5 2.c4 c6 3.Nc3 Nf6 4.e3 a6 5.Nf3 b5 6.b3 Bg4 7.Be2 e6 8.O-O Nbd7 9.h3 Bf5
10.Bd3 Bg6 11.Bb2 Be7 12.Bxg6 hxg6  1/2-1/2

[Event "Cup Russia"]
[Site "Serpukhov RUS"]
[Date "2007.11.08"]
[Round "2.2"]
[White "Ovetchkin,R"]
[Black "Sakaev,K"]
[Result "1/2-1/2"]
[WhiteElo "2557"]
[BlackElo "2634"]

1.e4 e5 2.f4 exf4 3.Bc4 Nf6 4.Nc3 c6 5.Bb3 d5 6.exd5 cxd5 7.d4 Bb4 8.Bxf4 Ne4
9.Ne2 O-O 10.O-O Bxc3 11.Nxc3 Nxc3 12.bxc3 Be6 13.Qf3 Nc6 14.Rae1 Qd7 15.h4 Na5
16.Qg3 Nxb3 17.cxb3 Bg4 18.Re3 Rfe8 19.Rfe1 h5 20.Kh2 b5 21.Bd6 Rxe3 22.Rxe3 Re8
23.Rxe8+ Qxe8 24.Qe5  1/2-1/2

[Event "IX EICC"]
[Site "Plovdiv BUL"]
[Date "2008.04.22"]
[Round "2"]
[White "Sakaev,K"]
[Black "Lilov,Valeri"]
[Result "1-0"]
[WhiteElo "2649"]
[BlackElo "2385"]

1.Nf3 Nf6 2.c4 b6 3.Nc3 Bb7 4.d4 e6 5.a3 d5 6.cxd5 Nxd5 7.Qc2 Nxc3 8.bxc3 c5
9.e4 Nd7 10.Bd3 Qc7 11.Qb1 Be7 12.O-O O-O 13.Be3 e5 14.d5 c4 15.Be2 f5 16.Qb5 f4
17.Bxc4 Bd6 18.Bd2 Nc5 19.Qb1 Qd8 20.Kh1 g5 21.g4 Kh8 22.Rg1 Bc8 23.Be2 Bd7
24.c4 Qf6 25.Ne1 Rf7 26.Bf3 Rg8 27.Nd3 h5 28.Nxc5 Bxc5 29.Qf1 Rh7 30.Bc3 Bd6
31.Rg2 hxg4 32.Bxg4 Bxg4 33.Rxg4 Rg6 34.f3 Rgh6 35.Qg2 Qd8 36.Ra2 Rh5 37.Bb4 Bxb4
38.axb4 Qe7 39.Qd2 Qd6 40.Qc3 Kg8 41.c5 Qh6 42.Rgg2 bxc5 43.bxc5 Rb7 44.c6 Rb8
45.Qxe5 Ra8 46.Rab2  1-0

[Event "61st ch-RUS HL"]
[Site "Novokuznetsk RUS"]
[Date "2008.09.11"]
[Round "8"]
[White "Sakaev,K"]
[Black "Lintchevski,D"]
[Result "1-0"]
[WhiteElo "2635"]
[BlackElo "2506"]

1.d4 e6 2.c4 Bb4+ 3.Bd2 a5 4.Nf3 d6 5.g3 Nc6 6.Bg2 e5 7.O-O exd4 8.Nxd4 Nxd4
9.Bxb4 axb4 10.Qxd4 Nf6 11.c5 dxc5 12.Qxc5 Qe7 13.Rc1 Qxc5 14.Rxc5 O-O 15.Nd2 Rd8
16.Nc4 c6 17.Nb6 Ra6 18.Nxc8 Rxc8 19.Rc4 Rb6 20.Rd1 Kf8 21.g4 g5 22.h4 h6
23.hxg5 hxg5 24.Rc5 Rb5 25.Rxb5 cxb5 26.Bf3 b3 27.axb3 Rc2 28.Rd6 Ne8 29.Rb6 Rxb2
30.Rxb5 Nd6 31.Rb4 b5 32.e3 Rc2 33.Rd4 Ke7 34.Rd3 Rb2 35.Kg2 b4 36.Bd5 Nb5
37.Kf3 Nc3 38.Bc4 Nb1 39.Kg3 Na3 40.Bd5 Nb5 41.Kg2 Nc3 42.Bc4 Ne4 43.Rd4 Nxf2
44.Kf3 Nh3 45.Rd1 f5 46.gxf5 g4+ 47.Kg3 Kf6 48.Rf1 Ng5 49.Kxg4 Rd2 50.Kf4 Nh3+
51.Kg3 Ng5 52.Kg4 Rh2 53.Bd5 Rd2  1-0

[Event "Zvenigorodskaya Open A"]
[Site "Zvenigorod RUS"]
[Date "2008.09.26"]
[Round "3"]
[White "Sakaev,K"]
[Black "Zhumabayev,R"]
[Result "1-0"]
[WhiteElo "2635"]
[BlackElo "2442"]

1.d4 Nf6 2.Nf3 e6 3.c4 b6 4.g3 Ba6 5.Qa4 Bb7 6.Bg2 c5 7.dxc5 Bxc5 8.O-O O-O
9.Nc3 Be7 10.Bf4 Nh5 11.Be3 d6 12.Rfd1 a6 13.Qb3 Nd7 14.c5 d5 15.cxb6 Nhf6
16.Rac1 Rc8 17.Na4 Bc6 18.Nd4 Bxa4 19.Qxa4 Rxc1 20.Rxc1 Qxb6 21.Nb3 Qb5 22.Qxb5 axb5
23.Nd4 b4 24.Nc6 Bd6 25.Bd2 b3 26.axb3 Ra8 27.Ba5 Kf8 28.b4 Ne5 29.e3 Nxc6
30.Rxc6 Ke7 31.Bf1 Nd7 32.Kg2 Ne5 33.Rc2 Ra7 34.h3 h5 35.f4 Nd7 36.Rc6 g6
37.Kf3 Nb8 38.Rc8 Kd7 39.Rd8+ Ke7 40.Rc8 Kd7 41.Rc1 Ke7 42.g4 hxg4+ 43.hxg4 Kd7  1-0

[Event "Zvenigorodskaya Open A"]
[Site "Zvenigorod RUS"]
[Date "2008.09.29"]
[Round "7"]
[White "Sakaev,K"]
[Black "Gubajdullin,A"]
[Result "1-0"]
[WhiteElo "2635"]
[BlackElo "2441"]

1.d4 Nf6 2.Nf3 c5 3.d5 b5 4.Bg5 Qb6 5.Bxf6 Qxf6 6.c3 g5 7.e4 a6 8.Be2 d6
9.O-O Nd7 10.Nbd2 g4 11.Ne1 Ne5 12.a4 b4 13.cxb4 cxb4 14.Nc2 Bh6 15.Nxb4 Qf4
16.Nc4 Qxe4 17.Nxe5 dxe5 18.Nc6 e6 19.Bxg4 Qxd5 20.Qc2 Bb7 21.Bf3 Qxf3 22.gxf3 Rc8
23.Rfe1 a5 24.Rxe5 Rxc6 25.Qd3 Rg8+ 26.Kf1 Ba6 27.Rb5 Rg6 28.Rd1 Kf8 29.Qd4 e5
30.Qxe5 Rcf6 31.Rd8+ Kg7 32.Qe8  1-0

[Event "24th ECC"]
[Site "Kallithea GRE"]
[Date "2008.10.18"]
[Round "2"]
[White "Nemeth,Mi1"]
[Black "Sakaev,K"]
[Result "0-1"]
[WhiteElo "2479"]
[BlackElo "2640"]

1.e4 c5 2.Nf3 d6 3.d4 cxd4 4.Qxd4 a6 5.Bg5 Nc6 6.Qd2 h6 7.Be3 Nf6 8.Nc3 e6
9.O-O-O Be7 10.Rg1 Qc7 11.g4 b5 12.g5 hxg5 13.Nxg5 Na5 14.Kb1 Nc4 15.Bxc4 Qxc4
16.f4 Bb7 17.Bd4 b4 18.Na4 Qb5 19.b3 e5 20.Bb2 Nxe4 21.Nxe4 Bxe4 22.Rde1 d5
23.fxe5 Rc8 24.Rc1 g6 25.Bd4 Rh3 26.Rg3 Rh4 27.Kb2 a5 28.c3 Rc6 29.h3 Bf5
30.Be3 Re4 31.cxb4 Rxc1 32.Qxc1 axb4 33.Rg2 Rxe5 34.a3 Re4 35.Rc2 Rxe3 36.Qxe3 bxa3+  0-1

[Event "24th ECC"]
[Site "Kallithea GRE"]
[Date "2008.10.22"]
[Round "6"]
[White "Sakaev,K"]
[Black "Gelfand,B"]
[Result "1/2-1/2"]
[WhiteElo "2640"]
[BlackElo "2719"]

1.d4 d5 2.c4 c6 3.Nf3 Nf6 4.Nc3 e6 5.Bg5 h6 6.Bh4 dxc4 7.e4 g5 8.Bg3 b5 9.Be2 Bb7
10.h4 g4 11.Ne5 Rg8 12.Nxg4 Nbd7 13.Nxf6+ Qxf6 14.Qd2 b4 15.Na4 c5 16.Nxc5 Nxc5
17.dxc5 Bxc5 18.O-O-O Bxe4 19.Qd7+ Kf8 20.Qc7 Bxf2 21.Bxf2 Qxf2 22.Qd6+ Ke8
23.Qd7+ Kf8 24.Qd6+  1/2-1/2

[Event "Open A"]
[Site "Moscow RUS"]
[Date "2009.02.05"]
[Round "6"]
[White "Sakaev,K"]
[Black "Zubov,A UKR"]
[Result "1/2-1/2"]
[WhiteElo "2619"]
[BlackElo "2574"]

1.d4 d5 2.Nf3 Nf6 3.c4 dxc4 4.Nc3 a6 5.e4 b5 6.e5 Nd5 7.a4 e6 8.axb5 Nb6
9.Be3 Bb7 10.bxa6 Rxa6 11.Rc1 Be7 12.Nd2 O-O 13.Qg4 f5 14.exf6 Rxf6 15.h4 Rg6
16.Qh3 h5 17.Nde4  1/2-1/2

[Event "10th EICC"]
[Site "Budva MNE"]
[Date "2009.03.10"]
[Round "5"]
[White "Sakaev,K"]
[Black "Ekstroem,R"]
[Result "1-0"]
[WhiteElo "2619"]
[BlackElo "2495"]

1.d4 e6 2.c4 Nf6 3.Nf3 b6 4.g3 Ba6 5.Qc2 c5 6.d5 exd5 7.cxd5 Bb7 8.Bg2 Nxd5
9.O-O Be7 10.Qe4 Qc7 11.Nh4 Bc6 12.Nf5 g6 13.Nc3 gxf5 14.Nxd5 Qd6 15.Qxf5 Na6
16.Rd1 Bd8 17.Qd3 b5 18.a4 c4 19.Qe4+ Qe6 20.axb5 Bxb5 21.Nc3  1-0

[Event "10th EICC"]
[Site "Budva MNE"]
[Date "2009.03.17"]
[Round "11"]
[White "Sakaev,K"]
[Black "Timofeev,Arty"]
[Result "1/2-1/2"]
[WhiteElo "2619"]
[BlackElo "2671"]

1.d4 d5 2.c4 e6 3.Nf3 c6 4.Qc2 Nf6 5.g3 dxc4 6.Qxc4 b5 7.Qd3 Bb7 8.Bg2 Nbd7
9.O-O a6 10.Nfd2 Be7 11.Nc3 O-O 12.Nb3 Qb6 13.Ne4 Nxe4 14.Bxe4  1/2-1/2

[Event "10th EICC Qualification Playoff"]
[Site "Budva MNE"]
[Date "2009.03.18"]
[Round "1.2"]
[White "Stevic,H"]
[Black "Sakaev,K"]
[Result "1-0"]
[WhiteElo "2592"]
[BlackElo "2619"]

1.e4 c5 2.Nf3 d6 3.d4 cxd4 4.Qxd4 a6 5.Be3 Nc6 6.Qd2 Bg4 7.Nc3 Nf6 8.O-O-O Rc8
9.h3 Bh5 10.g4 Bg6 11.Bd3 e6 12.Nd4 Nxd4 13.Bxd4 e5 14.Be3 Qa5 15.g5 Nd7
16.Kb1 Be7 17.h4 Bh5 18.Be2 Bxe2 19.Qxe2 Rxc3 20.bxc3 Qxc3 21.Qd3 Qc7 22.h5 O-O
23.g6 Nf6 24.Rdg1 Qc6 25.Bg5 Qb6+ 26.Qb3 Qd4 27.f3 b5 28.h6 hxg6 29.hxg7 Rc8
30.Bxf6 Bxf6 31.Rh8+ Kxg7 32.Rh7+  1-0

[Event "TCh-SRB 1st League"]
[Site "Kragujevac SRB"]
[Date "2009.09.03"]
[Round "3"]
[White "Kosic,D"]
[Black "Sakaev,K"]
[Result "1/2-1/2"]
[WhiteElo "2495"]
[BlackElo "2625"]

1.d4 Nf6 2.Nf3 g6 3.Bg5 Bg7 4.Nbd2 c5 5.e3 Qb6 6.Nc4 Qc7 7.c3 O-O 8.Be2 d5
9.Bf4 Qd8 10.Ncd2 cxd4 11.cxd4 Nc6 12.Ne5 Qb6  1/2-1/2

[Event "TCh-SRB 1st League"]
[Site "Kragujevac SRB"]
[Date "2009.09.11"]
[Round "10"]
[White "Sutovsky,E"]
[Black "Sakaev,K"]
[Result "0-1"]
[WhiteElo "2676"]
[BlackElo "2625"]

1.e4 e5 2.Nf3 Nf6 3.Nc3 Bb4 4.Nxe5 O-O 5.Be2 Re8 6.Nd3 Bxc3 7.dxc3 Nxe4 8.Nf4 d6
9.O-O Nc6 10.a4 h6 11.a5 a6 12.c4 Bf5 13.Ra3 Nf6 14.Rg3 Ne4 15.Re3 Nf6 16.Rg3 Ne4
17.Re3 Nf6 18.Rxe8+ Qxe8 19.Re1 Nxa5 20.Nd5 Nxd5 21.cxd5 Qe4 22.Bd2 Qxd5
23.Bf3 Qb5 24.Bc3 Nc6 25.Bd5 Rf8 26.h3 Kh7 27.h4 f6 28.f4 Qc5+ 29.Kf1 Nb4
30.Bb3 d5 31.Qh5 Bg6 32.Qg4 d4 33.Bxb4 Qxb4 34.Kf2 d3 35.h5 Qc5+ 36.Kg3 Bf5
37.Qd1 dxc2 38.Qd2 Kh8 39.Kh4 Qb6 40.Re3 a5 41.g4 Bh7 42.Rc3 c6 43.f5 a4
44.Bxa4 Qxb2 45.Rxc2 Qb1 46.Rc1 Qb6 47.Bc2 Rd8 48.Qf4 Bg8 49.Rb1 Qc5 50.Be4 Qe7
51.Re1 Rd4 52.Re2 Kh7 53.Qf3 Qd6 54.Qg3 Qb4 55.Bf3 Rd3 56.Qc7 Rxf3 57.Re3 Rf4  0-1

[Event "Russia Cup"]
[Site "St Petersburg RUS"]
[Date "2009.11.04"]
[Round "1.2"]
[White "Maletin,P"]
[Black "Sakaev,K"]
[Result "0-1"]
[WhiteElo "2581"]
[BlackElo "2626"]

1.d4 Nf6 2.c4 g6 3.Nf3 Bg7 4.g3 O-O 5.Bg2 d6 6.Nc3 Nbd7 7.O-O e5 8.e4 c6
9.h3 Qa5 10.Re1 exd4 11.Nxd4 Ne5 12.Bf1 Re8 13.Rb1 a6 14.b4 Qc7 15.f4 Ned7
16.Bg2 c5 17.bxc5 Qxc5 18.Qd3 Nb6 19.Be3 Qxc4 20.Qd2 Na4 21.Nxa4 Qxa4 22.Rb4 Qd7
23.Nb3 Qe7 24.Rb6 Nxe4 25.Qd3 d5 26.g4 Be6 27.Bd4 Bxd4+ 28.Nxd4 Qc7 29.Rbb1 Qxf4
30.Bxe4 dxe4 31.Rxe4 Qd6 32.Qe3 Bd7 33.Rxb7 Qd5  0-1

[Event "TCh-SRB 1st League"]
[Site "Vrnjacka Banja SRB"]
[Date "2010.08.26"]
[Round "6"]
[White "Predojevic,B"]
[Black "Sakaev,K"]
[Result "1-0"]
[WhiteElo "2624"]
[BlackElo "2607"]

1.e4 e5 2.Nf3 Nf6 3.Nxe5 d6 4.Nf3 Nxe4 5.d4 d5 6.Bd3 Nc6 7.O-O Be7 8.Nc3 Nxc3
9.bxc3 Bg4 10.Rb1 Rb8 11.Re1 O-O 12.h3 Bh5 13.Bf5 Bg6 14.Qd3 Qd6 15.Bxg6 hxg6
16.c4 dxc4 17.Qxc4 Rfd8 18.Re4 Qd7 19.Bf4 Bd6 20.Bxd6 Qxd6 21.Ng5 Qf6 22.h4 Rxd4
23.Rxb7 Rd1+ 24.Kh2 Rc8 25.Rf4 Rd4 26.Rxd4 Nxd4 27.Qxc7 Rf8 28.Rb8 Ne6 29.Rxf8+ Nxf8
30.Qxa7 Qf4+ 31.g3 Qc4 32.a4 f6 33.Nf3 Ne6 34.Qb8+ Kh7 35.Qb3 Qe2 36.Kg2 Nc5
37.Qe3 Qxc2 38.a5 Qc4 39.Nd4 Qd5+ 40.Kh2 Qa2 41.Nc6 Qd5 42.Ne7 Qc4 43.h5 g5
44.Qf3 Qe6 45.Qf5+ Qxf5 46.Nxf5 g6 47.hxg6+ Kxg6 48.g4 Kf7 49.Kg3 Ke6 50.Kf3 Kd5
51.Ne7+ Kd6 52.Ng8 Ke5 53.Nh6 Kd4 54.Ke2 Ke4 55.Nf5 Kf4 56.Nh6 Ke4 57.Nf5 Kf4
58.Ne3 Ke4 59.f3+ Ke5 60.Nf5 Kd5 61.Ke3 Ke5 62.Ng3 Na6 63.Ke2 Nb4 64.Kd2 Kf4
65.Nh5+ Ke5 66.Kc3 Nd5+ 67.Kc4 Kd6 68.Kd4 Ke6 69.Kc5 Nc7 70.Kb6 Nd5+ 71.Kb7 Nb4
72.a6 Nxa6 73.Kxa6 Ke5 74.Kb6 f5 75.Kc5  1-0

[Event "TCh-SRB 1st League"]
[Site "Vrnjacka Banja SRB"]
[Date "2010.08.27"]
[Round "7"]
[White "Sakaev,K"]
[Black "Georgiev,Ki"]
[Result "1/2-1/2"]
[WhiteElo "2607"]
[BlackElo "2675"]

1.d4 Nf6 2.c4 e6 3.Nf3 d5 4.Nc3 Be7 5.Bg5 h6 6.Bh4 O-O 7.Rc1 dxc4 8.e3 c5
9.Bxc4 cxd4 10.Nxd4 Bd7 11.O-O Nc6 12.Nb3 Rc8 13.Be2 Nd5 14.Bxe7 Ncxe7 15.Nxd5 Nxd5
16.Qd4 b6 17.Bf3 Nf6 18.Qe5 Ba4 19.Rxc8  1/2-1/2

[Event "Chigorin Mem Classic Open"]
[Site "St Petersburg RUS"]
[Date "2010.10.30"]
[Round "3"]
[White "Goganov,A"]
[Black "Sakaev,K"]
[Result "1/2-1/2"]
[WhiteElo "2478"]
[BlackElo "2607"]

1.e4 c5 2.Nf3 e6 3.d4 cxd4 4.Nxd4 Nf6 5.Nc3 d6 6.Be3 a6 7.Be2 Qc7 8.a4 b6
9.f4 Bb7 10.Bf3 Nbd7 11.f5 e5 12.Nb3 h5 13.O-O Rc8 14.Kh1 Be7 15.Re1 Qc4
16.Be2 Qc7 17.Bf3 Qc4 18.Be2  1/2-1/2

[Event "Chigorin Mem Classic Open"]
[Site "St Petersburg RUS"]
[Date "2010.10.31"]
[Round "4"]
[White "Sakaev,K"]
[Black "Levin,Ev"]
[Result "1-0"]
[WhiteElo "2607"]
[BlackElo "2483"]

1.d4 Nf6 2.Nf3 e6 3.c4 b6 4.g3 Bb7 5.Bg2 Be7 6.O-O O-O 7.Re1 Qc8 8.Nc3 Ne4
9.Bd2 f5 10.Qc2 Bf6 11.Rad1 Na6 12.a3 c5 13.d5 Nc7 14.Nxe4 fxe4 15.Ng5 exd5
16.cxd5 Bxg5 17.Bxg5 Bxd5 18.Rxd5 Nxd5 19.Qc4 Rf5 20.h4 Re5 21.Bxe4 Rxe4
22.Qxe4 Nc7 23.Bf4 Ne6 24.Be5 Qe8 25.Rd1 Rd8 26.Rd6 Qf7 27.Qb7 Nf8 28.Qxa7 Re8
29.f4 Qb3 30.Kf2 Qf7 31.Ke1 Qb3 32.Rd3 Qe6 33.Qb7 Qg6 34.Kf2 h6 35.Rd6 Qf7
36.Ke1 Kh7 37.Qd5 Qf5 38.Qd3 Qxd3 39.Rxd3 g5 40.h5 gxf4 41.gxf4 Kg8 42.Kf2 Kf7
43.Kf3 c4 44.Rd5 Re6 45.e4 Ke7 46.Bg7 Nh7 47.Re5 Kf7 48.Rxe6 dxe6 49.Bxh6 Nf6
50.Bg5 Nxh5 51.a4 Ng7 52.Bd8 Kf8 53.Bxb6  1-0

[Event "Russia Cup Final KO"]
[Site "Belgorod RUS"]
[Date "2010.11.09"]
[Round "2.1"]
[White "Smirnov,P"]
[Black "Sakaev,K"]
[Result "1/2-1/2"]
[WhiteElo "2518"]
[BlackElo "2612"]

1.e4 e5 2.Nf3 Nc6 3.Bb5 Nf6 4.O-O Nxe4 5.d4 Nd6 6.Bxc6 dxc6 7.dxe5 Nf5 8.Qxd8+ Kxd8
9.Nc3 Ke8 10.h3 b6 11.Rd1 Bb7 12.Bf4 Bb4 13.Ne2 Be7 14.Ned4 Nxd4 15.Nxd4 Rd8
16.Nf5 g5 17.Be3 Rg8 18.a4 c5 19.Nxe7 Rxd1+ 20.Rxd1 Kxe7 21.a5 Ke6 22.f3 h5
23.Kf2 Bc6 24.g3 Kf5 25.Rd2 h4 26.Re2 hxg3+ 27.Kxg3 Bd5 28.Bd2 Be6 29.Re4 Rd8
30.Be3 Kg6 31.h4 gxh4+ 32.Rxh4 Rd1 33.Rh6+ Kg7 34.Rh5 Re1 35.Kf2 Rb1 36.f4 f5
37.exf6+ Kxf6 38.Bd2 Bf5 39.Bc3+ Ke6 40.Rh6+ Kd5 41.Rh5 Ke6 42.Rh6+ Kd5 43.Rh5 Ke6  1/2-1/2

[Event "64th ch-RUS HL"]
[Site "Taganrog RUS"]
[Date "2011.06.26"]
[Round "11"]
[White "Sakaev,K"]
[Black "Romanov,E"]
[Result "0-1"]
[WhiteElo "2629"]
[BlackElo "2624"]

1.d4 Nf6 2.c4 c5 3.d5 g6 4.Nc3 Bg7 5.e4 d6 6.Nge2 O-O 7.Ng3 e6 8.Be2 Na6
9.O-O Nc7 10.Bg5 h6 11.Be3 exd5 12.cxd5 h5 13.f3 Re8 14.Qd2 b5 15.Bxb5 Nxb5
16.Nxb5 Ba6 17.a4 Qd7 18.Bh6 Bh8 19.Bf4 h4 20.Ne2 Bxb5 21.axb5 h3 22.gxh3 Nh5
23.Ra5 Rab8 24.Be3 Rxb5 25.Rxb5 Qxb5 26.Nc3 Qd7 27.Kg2 Rb8 28.Ra1 Rb4 29.Ra2 Qe7
30.Bg5 Bf6 31.h4 Qe5 32.Bxf6 Qxf6 33.Rxa7 Nf4+ 34.Kh1 Rd4 35.Qf2 Rd3 36.Qf1 Qxh4
37.Nb1 Re3  0-1